Statistics and data analysis in geology
Uloženo v:
| Hlavní autor: | |
|---|---|
| Médium: | Kniha |
| Jazyk: | angličtina |
| Vydáno: |
Nueva York
John Wiley
1986
|
| Vydání: | 2a. ed |
| Témata: | |
| Tagy: |
Přidat tag
Žádné tagy, Buďte první, kdo vytvoří štítek k tomuto záznamu!
|
MARC
| LEADER | 00000nam a2200000 a 4500 | ||
|---|---|---|---|
| 001 | UCW1427 | ||
| 003 | CL-VaPUC | ||
| 008 | 920623e19860000US |||||||||||||||||eng|d | ||
| 082 | 0 | 4 | |a 551.0285 |b DAV |2 21 |
| 100 | 0 | |a Davis, John C |e author |9 305380 | |
| 245 | 1 | 0 | |a Statistics and data analysis in geology |
| 250 | |a 2a. ed | ||
| 300 | |a 646 p | ||
| 942 | |c BK | ||
| 945 | |d 19920623 00:00:00 | ||
| 260 | |a Nueva York |b John Wiley |c 1986 | ||
| 650 | 0 | |a Geología |9 260984 | |
| 650 | 0 | |a Proceso de datos |9 259776 | |
| 650 | 0 | |a Métodos estadísticos |9 259407 | |
| 583 | |a last modification |c 19920623 00:00:00 |k Rodrigo Vera | ||
| 999 | |c 216317 |d 216315 | ||
| 952 | |0 0 |1 0 |4 0 |6 551_028500000000000_DAV_1986 |7 0 |8 A |9 201927 |a BIBMAT |b BIBMAT |d 2019-11-14 |i 2691302 |o 551.0285 DAV 1986 |p 2691302 |r 2025-01-07 |w 2019-11-14 |y BK |k MAT | ||